000 00877nam a2200241 a 4500
003 BLK
005 20250801102922.0
008 200909b bu |||||r|||| 00| j bu d
020 _a9789542848516
040 _aBLK
041 _aBUL
_cBUL
080 _aБългарска литература
_b821.163.2
_x-31
_z821.163.2-31
084 _aЛ 79
100 _9433454
_aЛозанова, Ели Ангелова
245 _aСмок : село по време на любов
_bроман
_cЕли Лозанова
257 _aBGR
260 _9217021
_aСофия
_bСиела Норма
_c2024
_n978-954-28-
300 _a616 с.
_c20 см
380 _aX
942 _cKNG
_n0
_s0
_06
944 _a30553
_cИваничка Йорданова
_k30531
_lЦветелина Шанова
999 _c526589
_d526589